000 00376nam a2200133 a 4500
005 20140414132051.0
008 110726s19uu xx 00 eng d
050 _aREF 500
_bN24 1996
100 _aKerrod, Robin
245 _aNew science library :
_bMatter and materials.
260 _aChicago, Illinois :
_bFerguson,
_c1996.
440 _aNew science library
999 _c114182
_d114182